00556nam a2200181Ia 4500003000500000008004100005020001800046040001900064082000700083100002300090245004600113260004000159300000800199546001200207942001200219999001700231952012600248STCL181203s9999 xx 000 0 und d a9780470657317 aSTCLbENcSTCL 222 aThurston, Michael  0aReading Post-war British and Irish Poetry bWiley Blackwell aWest Sussexc2014 a342 aEnglish 2ddccBK c86886d86886 00102ddc4070aSTCALbSTCALcGENd2018-12-03l2o821.914 THU-R p95508r2019-11-04 00:00:00s2019-10-17w2018-12-03yBK